00843nam a22002297a 4500999001700000003000900017008004100026040007100067082002400138100002700162245003500189260006100224300002700285505003500312650003100347650001600378700004200394710004800436942001600484945001000500952010300510 c11409d11409AR-CdUCM190403b ||||| |||| 00| 0 spa d aMUNICIPALIDAD PROVINCIAL DEL CUSCOcBIBLIOTECA MUNICIPAL DEL CUSCO aEP / 808.068 /bA71 aArias Larreta, Abraham aRayuelo :bPoemas infantiles / aTrujillo :bMunicipalidad provincial de trujillo,c1994. bIlustraciones,c20 cm. aContenido :Poemas infantiles / aEducación primaria91561 aPoemas9929 aJulio Geldres Aguilar (editor)928756 aMunicipalidad provincial de Trujillo928757 2ddccLIBROS arjall 002ddc4070aSIbSIcCHILDd2019-04-03g18.00oEP / 808.068 / A71pSI00001127r2019-04-03yLIBROS